Ernest Hemingway: a life story

Spremljeno u:
Bibliografski detalji
Glavni autor: Baker, Carlos (Autor)
Format: Knjiga
Jezik:engleski
Izdano: Nueva York Charles Scribner's Sons 1969
Teme:
Oznake: Dodaj oznaku
Bez oznaka, Budi prvi tko označuje ovaj zapis!

MARC

LEADER 00000nam a2200000 a 4500
001 UCQ4283
003 CL-VaPUC
008 980904e19690000US |||||||||||||||||eng|d
082 0 4 |a 813.09  |b BAK  |2 21 
100 0 |a Baker, Carlos  |e author  |9 418528 
245 1 0 |a Ernest Hemingway: a life story 
300 |a 697 p 
942 |c BK 
945 |d 19980904 00:00:00  |a crobeson 
260 |a Nueva York  |b Charles Scribner's Sons  |c 1969 
600 0 |a HEMINGWAY, ERNEST  |9 826616 
650 7 |a NOVELA ESTADOUNIDENSE  |2 CL-VaPUC  |9 266286 
650 0 |a Literatura estadounidense  |9 317168 
650 0 |a Crítica e interpretación   |9 255042 
583 |a last modification  |c 19980904 00:00:00  |k Rodrigo Vera 
999 |c 274670  |d 274668 
952 |0 0  |1 0  |4 0  |6 813_090000000000000_BAK_1969  |7 0  |8 A  |9 310956  |a BIBEDU  |b BIBEDU  |d 2019-11-20  |i 1460463  |o 813.09 BAK 1969  |p 1460463  |r 2019-11-20  |w 2019-11-20  |y BK  |k LIT